Marvel Villains Starting with W (by picture) - Statistics

General Stats
  • This quiz has been taken 45 times
  • The average score is 7 of 13
Answer Stats
Picture Answer % Correct
Whiplash
97%
Whirlwind
88%
Walrus
79%
Wizard
79%
Wrecker
79%
Wendigo
76%
White Rabbit
64%
White Wolf
58%
Will o' the Wisp
33%
White Dragon
24%
Warrior Woman
18%
Waxman
18%
Whiteout
9%
No matching quizzes found
Score Distribution
Percent of People with Each Score
Percentile by Number Answered
Your Score History
You have not taken this quiz